Письмо полпреда СССР в Великобритании И. М. Майского наркому иностранных дел СССР М. М. Литвинову об отношении населения Великоб...

RUSMARC
00004018cbm0a2200265#x 450
00126800f2e-3f80-45b0-aa37-a4123a85f73e
00520200421122612.0
100##$a20200401j19390409k###0rusy50 ca
1010#$arus
102##$aRU
1220#$ad19390409##
2001#$aПисьмо полпреда СССР в Великобритании И. М. Майского наркому иностранных дел СССР М. М. Литвинову об отношении населения Великобритании к германской экспансии в Европе, перспективах возобновления политики «умиротворения» и саботаже англо-советского сотрудничества в деле обуздания фашистских агрессоров
$j9 апреля 1939 г.
251##$cДокумент
300##$aКопия
461#0$12001
$aФ. 558
$1251
$cФонд
$1852
$j558
462#0$12001
$aОп. 11
$1251
$cОпись
$1852
$j11
462#0$12001
$aД. 291
$vЛ. 34-37
$1251
$cДело
$1852
$j291
605##$aВторая мировая война в архивных документах (Комплекс оцифрованных архивных документов, кино- и фотоматериалов)
$lколлекция
$2prlib_sh
$3LIBNET\UAF\0000088514
617##$aСССР
$f1939
$2prlib_sh
617##$aВеликобритания
$f1939
$2prlib_sh
801#0$aRU
$bПБ им. Б.Н. Ельцина
$c20200401
801#1$aRU
$bПБ им. Б.Н. Ельцина
$c20200401
$2rusmarc
801#2$aRU
$bПБ им. Б.Н. Ельцина
$c20200421
$2rusmarc
850##$aРоссийский государственный архив социально-политической истории
852##$aРГАСПИ
$jЛ. 34-37
035##$aLIBNET\0001067972
937##$d144086042
$hРоссийский государственный архив социально-политической истории
8564#$uhttp://readingroom.main.prlib.ru/item.aspx?id_node=n144086042&mode=full
Формат отображения